000
00289nam a2200109Ia 4500
008
180205s9999 xx 000 0 und d
020
_a
9789814773324
100
_a
McMurry, John
245
_a
Organic chemistry /
260
_a
Quezon City
_b
C & E publishing
_c
2017
300
_a
iii, 975 pages
999
_c
354924
_d
354924